Hidden roots / Joseph Bruchac.
Available copies
- 1 of 1 copy available at LARL/NWRL Consortium.
- 1 of 1 copy available at Lake Agassiz Regional Library. (Show preferred library)
Current holds
0 current holds with 1 total copy.
Show Only Available Copies
| Location | Call Number / Copy Notes | Barcode | Shelving Location | Status | Due Date |
|---|---|---|---|---|---|
| Detroit Lakes Public Library | J BRU (Text) | 33500013139001 | Main | Available | - |
Record details
- ISBN: 0439353580
- ISBN: 9780439353588
- ISBN: 141551139X
- ISBN: 9781415511398
- Physical Description: 136 pages ; 22 cm
- Edition: 1st ed.
- Publisher: New York : Scholastic, 2004.
Content descriptions
| General Note: | MN American Indian literature. |
| Summary, etc.: | Although he is uncertain why his father is so ... Read More |
| Awards Note: | American Indian youth literary award for young ... Read More |
Search for related items by subject
| Genre: | Juvenile materials. Fiction. Juvenile works. Fiction. |
| LDR | 02992cam a2200769 a 4500 | ||
|---|---|---|---|
| 001 | 330355 | ||
| 003 | LARL_NWRL_CONSORTIUM | ||
| 005 | 20190930150324.0 | ||
| 008 | 030408s2004 nyu c 000 1 eng | ||
| 010 | . | ‡a 2003050396 | |
| 040 | . | ‡aDLC ‡beng ‡cDLC ‡dIG# ‡dXY4 ‡dNLC ‡dBAKER ‡dBTCTA ‡dYDXCP ‡dXFF ‡dOCLCG ‡dCQU ‡dZP2 ‡dTXP ‡dOCLCO ‡dOCLCA ‡dOCLCF ‡dOCLCQ ‡dOCLCO ‡dSFR ‡dVBO ‡dOCLCQ ‡dSEO ‡dNFR ‡dOCLCO ‡dOCLCA ‡dSOI ‡dTL4 ‡dOCLCO | |
| 015 | . | ‡a20050064622 ‡2can | |
| 016 | . | ‡a(AMICUS)000028264953 | |
| 016 | . | ‡a20050064622 | |
| 020 | . | ‡a0439353580 | |
| 020 | . | ‡a9780439353588 | |
| 020 | . | ‡a141551139X | |
| 020 | . | ‡a9781415511398 | |
| 035 | . | ‡a(OCoLC)52214784 | |
| 042 | . | ‡alcac | |
| 043 | . | ‡an-us-ny | |
| 055 | 0 | 2. | ‡aPZ7* |
| 082 | 0 | 0. | ‡aj813/.54 ‡222 |
| 082 | 0 | 4. | ‡a[Fic] ‡221 |
| 084 | . | ‡acci1icc ‡2lacc | |
| 100 | 1 | . | ‡aBruchac, Joseph, ‡d1942- ‡0(LARL_NWRL_CONSORTIUM)56415 |
| 245 | 1 | 0. | ‡aHidden roots / ‡cJoseph Bruchac. |
| 250 | . | ‡a1st ed. | |
| 260 | . | ‡aNew York : ‡bScholastic, ‡c2004. | |
| 300 | . | ‡a136 pages ; ‡c22 cm | |
| 336 | . | ‡atext ‡btxt ‡2rdacontent | |
| 337 | . | ‡aunmediated ‡bn ‡2rdamedia | |
| 338 | . | ‡avolume ‡bnc ‡2rdacarrier | |
| 500 | . | ‡aMN American Indian literature. | |
| 520 | . | ‡aAlthough he is uncertain why his father is so angry and what secret his mother is keeping from him, eleven-year-old Sonny knows that he is different from his classmates in their small New York town. | |
| 586 | . | ‡aAmerican Indian youth literary award for young adults, 2006 | |
| 650 | 0. | ‡aIndians of North America ‡zNew York (State) ‡vJuvenile literature. | |
| 651 | 0. | ‡aNew York (State) ‡vJuvenile fiction. | |
| 650 | 1. | ‡aFamily life ‡zNew York (State) ‡vFiction. | |
| 650 | 1. | ‡aIndians of North America ‡zNew York (State) ‡vFiction. | |
| 650 | 1. | ‡aPrejudices ‡vFiction. ‡0(LARL_NWRL_CONSORTIUM)166648 | |
| 651 | 1. | ‡aNew York (State) ‡vFiction. ‡0(LARL_NWRL_CONSORTIUM)166421 | |
| 650 | 7. | ‡aIndians of North America. ‡2fast ‡0(LARL_NWRL_CONSORTIUM)22887 | |
| 651 | 7. | ‡aNew York (State) ‡2fast ‡0(LARL_NWRL_CONSORTIUM)4482 | |
| 650 | 7. | ‡aFamily life ‡zNew York (State) ‡vFiction. ‡2sears | |
| 650 | 7. | ‡aNative Americans ‡zNew York (State) ‡vFiction. ‡2sears | |
| 650 | 7. | ‡aPrejudices ‡vFiction. ‡2sears ‡0(LARL_NWRL_CONSORTIUM)166648 | |
| 651 | 7. | ‡aNew York (State) ‡vFiction. ‡2sears ‡0(LARL_NWRL_CONSORTIUM)166421 | |
| 650 | 6. | ‡aIndiens d'Amérique ‡zNew York (État) ‡vOuvrages pour la jeunesse. | |
| 655 | 4. | ‡aJuvenile materials. | |
| 655 | 7. | ‡aFiction. ‡2fast | |
| 655 | 7. | ‡aJuvenile works. ‡2fast | |
| 655 | 7. | ‡aFiction. ‡2lcgft | |
| 856 | 4 | 2. | ‡3Publisher description ‡uhttp://catdir.loc.gov/catdir/description/schol051/2003050396.html |
| 901 | . | ‡a330355 ‡b ‡c330355 ‡tbiblio | |

Add to basket
Permalink
Disable Highlighting